000 00871nam a22002417a 4500
003 OSt
005 20240605003329.0
006 a
008 240605b |||||||| |||| 00| 0 eng d
020 _a9789712351174
040 _aDWCL-HMN lib.
_cOC
082 _aFil. 343.599 C116p 2008
100 _aCabulay, Danny Araneta
245 _aPhilippine tourism laws : a comprehensive guide to studying laws relevant to the Philippine Tourism Industry /
260 _aManila :
_bRex Book Store,
_cc2008.
300 _axiii,
_b370 pages : illustrations ;
_c25 cm.
504 _aIncludes references and index.
650 _21. Hotels–Law and legislation–Philippines
650 _a2. Tourism–Law and legislation–Philippines.
650 _a3. Travel and tours–Law and legislation–Philippines.
700 _aDanny Araneta Cabulay
942 _2ddc
_n0
_cBK - FIL
_kFil.
999 _c148
_d148